000 00471nam a2200145 i 4500
001 37290
003 ES-MaACL
005 20230906155535.0
007 t|
008 030220s1922 sp ||||1| spa d
100 1 _aBustos y Miguel, José de.
_932930
245 1 0 _a[Vocación a la enseñanza]
_b: oración inagural del curso 1922 a 1923 en la Universidad de Salamanca /
_cJosé de Bustos y Miguel.
260 _aSalamanca :
_b[s.n.,
_c1922]
852 _aES-MaACL
_j1612-F-16
999 _c37290
_d37290